000 01462naa a22003257a 4500
001 BR8101292
003 BR-BrBNA
005 20240918174724.0
007 ta
008 230509b bl.||||| |||| 00| 0 por d
040 _aBR-BrBNA
_bpor
_cBiblioteca Nacional de Agricultura
041 _a(Pt)
072 _aE70
_b1122
_bG514
090 _aE70 BR8101292
100 1 _aAmaro, A.A.
111 1 _a1. Simposio Brasileiro sobre a Cultura do Mamoeiro
_cJaboticabal, SP (Brazil)
_d6 Jan 1980
245 1 _aAspectos economicos e comerciais da cultura do mamao no Brasil [Carica papaya]
246 1 _a[Economic and commercial aspects of papaya crop in Brazil [Carica papaya]]
246 1 _a[1. Brazilian Symposium on Papaya Crop]
260 3 _aPiracicaba, SP (Brasil):
_bLivroceres,
_c1980.
500 _aRuggiero, C. (ed.) 1. Simposio Brasileiro sobre a Cultura do Mamoeiro Piracicaba, SP (Brasil): Livroceres, 1980. p. 29-57 (BR8101292-AM)E70
650 _aComercializacao
650 _aMamao
650 _aPreco
650 _aConsumo
650 _aMercado
773 0 _t1. Simposio Brasileiro sobre a Cultura do Mamoeiro
_aRuggiero, C. (ed.). Universidade Estadual Paulista Julio de Mesquita Filho, Jaboticabal, SP (Brasil). Faculdade de Ciencias Agrarias e Veterinarias;Sociedade Brasileira de Fruticultura, Cruz das Almas, BA
_wE70 BR8101292
_gPiracicaba, SP (Brasil), 1980. p. 29-57
909 _a202404
_bLucia
_c55
_dLucia Elande
942 _cAM
_2AGRIS
999 _c313133
_d313133